Vista normal Vista MARC

Entrada Meeting Name

Número de registros utilizados en: 1

001 - CONTROL NUMBER

  • control field: 36063

003 - CONTROL NUMBER IDENTIFIER

  • control field: OSt

005 - DATE AND TIME OF LATEST TRANSACTION

  • control field: 20210314165423.0

008 - FIXED-LENGTH DATA ELEMENTS

  • fixed length control field: 210314|| aca||aabn | a|a d

040 ## - CATALOGING SOURCE

  • Original cataloging agency: OSt
  • Transcribing agency: OSt

111 ## - HEADING--MEETING NAME

  • Meeting name or jurisdiction name as entry element: Simposio Internacional Ciencia, Innovación y Desarrollo Regional
  • Date of meeting or treaty signing: (1998 :
  • Location of meeting: Bucaramanga)

670 ## - SOURCE DATA FOUND

  • Source citation: Work cat.: (OSt)12543: 28523, Ciencia, innovacion y desarrollo regional (memorias) / , 2000